| 000 | 00320nam a2200109Ia 4500 | ||
|---|---|---|---|
| 008 | 230907s9999||||xx |||||||||||||| ||und|| | ||
| 082 |
_a697.0021873 _bASH |
||
| 245 | 0 | _aStandard 90.1 user's manual based on ansi/ashrae/ies standard 90.1-2016 : | |
| 260 |
_aASHRAE, _bAtlanta, GA : _c2017 |
||
| 300 | _a461 p. | ||
| 942 | _cBK | ||
| 999 |
_c599532 _d599532 |
||